Jigsaw Puzzle Challenge Quiz Stats

Quiz Updated Jul 23, 2015

Also try: A Minefield Puzzle
Challenge
Share
Tweet
Score 0/14 Timer 06:00
0 Plays Today
% Correct
???
100%
???
89.9%
???
88.4%
???
88.4%
???
88.2%
???
88.2%
???
85.8%
% Correct
???
84.7%
???
80.5%
???
64.3%
???
62.9%
???
60.4%
???
45.5%
???
38.2%

You're not logged in!

Compare scores with friends on all Sporcle quizzes.
Sign Up with Email
OR
Log In

You Might Also Like...

Show Comments

Extras

Top Quizzes Today


Score Distribution

Your Account Isn't Verified!

In order to create a playlist on Sporcle, you need to verify the email address you used during registration. Go to your Sporcle Settings to finish the process.